Vista normal Vista MARC

Entrada Personal Name

Número de registros utilizados en: 1

001 - CONTROL NUMBER

  • control field: 68294

003 - CONTROL NUMBER IDENTIFIER

  • control field: OSt

005 - DATE AND TIME OF LATEST TRANSACTION

  • control field: 20260122213837.0

008 - FIXED-LENGTH DATA ELEMENTS

  • fixed length control field: 260122|| aca||aabn | a|a d

040 ## - CATALOGING SOURCE

  • Original cataloging agency: OSt
  • Transcribing agency: OSt

100 ## - HEADING--PERSONAL NAME

  • Personal name: García, Horacio
  • Titles and other words associated with a name: (músico)

670 ## - SOURCE DATA FOUND

  • Source citation: Work cat.: (OSt)60329: García, Horacio (músico) aut, La cacería de lo inestable :









Instituto Departamental de Cultura del Meta - Red Departamental de Bibliotecas Públicas del Meta.